000 00622nam a2200217 a 4500
005 20140412111335.0
008 040525s19uu xx 00 eng d
020 _a0-02-831065-9
050 _aTR(GS 372.4
_bB35 2000
100 _aBereiter, Carl
245 _aReading and writing workbook (green), level 2 /
_cCarl Beretier & et al.
260 _aColumbus, Ohio :
_bSRA/McGraw-Hill,
_c2000.
300 _a218 p.
440 _aSRA Open Court Reading
650 _aReading
_xStudy and teaching
650 _aWriting
_xStudy and teaching
999 _c105014
_d105014